Sinan : ottoman architecture and its values today

Bibliographic Details
Main Author: Goodwin, Godfrey
Format: Book
Published: London : Saqi Books , 1993
Subjects:

MARC

LEADER 00000cam a2200000 7i4500
001 0000007532
002 000008092
005 20000330.0
020 |a 0863561721 
090 0 0 |a 723.3   |b GOO 
100 1 |a Goodwin, Godfrey 
245 1 0 |a Sinan :   |b ottoman architecture and its values today   |c Godfrey Goodwin 
260 |a London :   |b Saqi Books ,   |c 1993 
300 |a 132p. :   |b ill. ;   |c 24cm. 
650 0 0 |a Architecture, Islamic 
999 |a 051994   |b BUKU   |c RUJUKAN   |e PERPUSTAKAAN KOMUNITI PETALING JAYA